Informe sobre la aplicación del sistema integrado de tránsito de mercaderías con destino a Bolivia a través del Puerto de Arica
Uloženo v:
| Korporativní autor: | |
|---|---|
| Médium: | Kniha |
| Jazyk: | španělština |
| Vydáno: |
Santiago
CEPAL
1976
|
| Témata: | |
| Tagy: |
Přidat tag
Žádné tagy, Buďte první, kdo vytvoří štítek k tomuto záznamu!
|
MARC
| LEADER | 00000nam a2200000 a 4500 | ||
|---|---|---|---|
| 001 | UCU2850 | ||
| 003 | CL-VaPUC | ||
| 008 | 960426e19760000CL |||||||||||||||||spa|d | ||
| 082 | 0 | 4 | |a 387.164 |b CEP |2 21 |
| 110 | 2 | |a CEPAL |e author |9 359435 | |
| 245 | 1 | 0 | |a Informe sobre la aplicación del sistema integrado de tránsito de mercaderías con destino a Bolivia a través del Puerto de Arica |
| 300 | |a 30 p | ||
| 942 | |c BK | ||
| 945 | |d 19960426 00:00:00 |a lriquelm | ||
| 260 | |a Santiago |b CEPAL |c 1976 | ||
| 650 | 7 | |a TRANSPORTE |2 CL-VaPUC |9 256365 | |
| 650 | 0 | |a Transporte de mercancias |9 358742 | |
| 650 | 7 | |a PUESTOS |2 CL-VaPUC |9 359436 | |
| 650 | 7 | |a BUQUES MERCANTES |2 CL-VaPUC |9 358741 | |
| 650 | 7 | |a COMERCIO INTERNACIONAL |2 CL-VaPUC |9 359437 | |
| 651 | 0 | |a Bolivia |9 255454 | |
| 651 | 7 | |a CHILE |2 CL-VaPUC |9 359438 | |
| 651 | 0 | |a Arica |9 309332 | |
| 651 | 7 | |a LA PAZ |2 CL-VaPUC |9 359439 | |
| 583 | |a last modification |c 19960426 00:00:00 |k Rodrigo Vera | ||
| 999 | |c 247056 |d 247054 | ||